Felépült a mórahalmi fürdő [kép] /
Elmentve itt :
| Szerző: | |
|---|---|
| Dokumentumtípus: | Cikk |
| Megjelent: |
1965-10-27
|
| Sorozat: | Délmagyarország
55 No. 253 |
| Kulcsszavak: | Fürdőépítés Mórahalom 1965, Mórahalom, Közegészségügy gyógyfürdő Mórahalom |
| Online Access: | http://dmarchiv.bibl.u-szeged.hu/37103 |
| LEADER | 00579nab a2200157 i 4500 | ||
|---|---|---|---|
| 001 | delm37103 | ||
| 005 | 20180927112814.0 | ||
| 008 | 180927s1965 hu o 0|| hun d | ||
| 040 | |a SZTE Délmagyarország Archívum |b hun | ||
| 041 | |a hun | ||
| 100 | 2 | |a Somogyi Károlyné Neurohr Magdolna | |
| 245 | 1 | 0 | |a Felépült a mórahalmi fürdő |h [elektronikus dokumentum] : |b [kép] / |c Somogyi Károlyné Neurohr Magdolna |
| 260 | |c 1965-10-27 | ||
| 300 | |a 1 | ||
| 490 | 0 | |a Délmagyarország |v 55 No. 253 | |
| 695 | |a Fürdőépítés Mórahalom 1965, Mórahalom, Közegészségügy gyógyfürdő Mórahalom | ||